|
|
|
|
| LEADER |
00607cam a2200181ua 4500 |
| 020 |
|
|
|a 0-534-56191-8
|
| 082 |
|
|
|a 302.230 68
|b ALB/M
|
| 100 |
0 |
|
|a Albarran,Allan B.
|
| 245 |
1 |
0 |
|a Management of electronic media /
|
| 250 |
|
|
|a 2nd ed
|
| 260 |
|
|
|a Australia: Thomson:
|b Thomson learning,
|c 2001.
|
| 300 |
|
|
|a xx, 315p..
|
| 500 |
|
|
|a Includes bibliographies and index.
|
| 650 |
|
|
|a Theories of management
|
| 650 |
0 |
|
|a Strategy and distribution
|
| 942 |
|
|
|c BK
|
| 999 |
|
|
|c 12533
|d 12533
|
| 952 |
|
|
|0 0
|1 0
|4 0
|6 302_230000000000000_68_ALB
|7 0
|9 13075
|a KUCL
|b KUCL
|d 2014-05-23
|l 0
|o 302.230 68 ALB/
|p 14412
|r 2014-05-23
|w 2014-05-23
|y BK
|